00469nam a2200181Ia 4500008004000000020001500040082001600055100003800071245005300109260003900162300001300201650000900214650001500223650000700238650001700245650001700262650000800279210210b1998 xxu||||| |||| 00| 0 eng d a0134599918 a576.15 SYLP aSYLVIA (David M) and others. Eds. aPrinciples and applications of soil microbiology aNew Jersey.bPrentice Hall.,c1998 axxii,550 asoil aPrinciples aof amicrobiology aapplications aand